000 01016nam a2200169 i 4500
001 46226
003 ES-MaACL
005 20230906161339.0
007 t|
008 030328s1895 be ||||1| fre d
100 1 _aCombaz, Paul.
_939961
245 1 3 _aLa construction
_b: principes et applications par le major honoraire du génie /
_cPaul Combaz.
260 _aBruxelles :
_b[s.n.,
_c1895]
300 _a5 t. en 3 v. ;
_c27 cm.
505 8 _aContiene: T.I.: V.I.: Connaissance des matériaux. -- T.II.: V.I.: Eléments de mécanique. Resistance des materiaux. -- T.III.: V.II.: Les constructións en materiaux pierreux. Terrassement fondations, Maçonneries, Bretón Armé. -- T. IV.: V. II.: Les constructions en matériaux ligneux: charpente et memiserie. -- T.V.: V. III.: Le constructions en matériaux métalliques. Les travaux de parachèvement. La construction dans ses rapports avec l'hygiène. Les arts et les industries du bâtiment dans leurs dernières applications.
852 _aES-MaACL
_jF-8487-8489
999 _c46226
_d46226